000 00635nam a22001937a 4500
005 20241212154515.0
010 _aENG-143027
020 _a9789380752655
_c895.00
035 _aEN-126559
037 _bDBAD
082 0 0 _a305.4
_21
100 _aNiranjan Pani
_975104
245 1 0 _aWomen in india grass under stone/
_cby Niranjan Pani [and] Prativa Panda
260 _aNew Delhi
_bKunal Books
_c2012
270 _a4648/21, First Floor, Ansari Road, Daryaganj
_bNew Delhi
_e110002
_k011-23275069
_mkunalbooks@gmail.com
300 _a293p.
_c22cm.(Hb)
500 _aIt include index
942 _2ddc
_cEN
_h305.4
_mPAN
999 _c207656
_d207656